| 000 | 00422nam a22001577a 4500 | ||
|---|---|---|---|
| 005 | 20260116100536.0 | ||
| 008 | 260116b |||||||| |||| 00| 0 eng d | ||
| 020 | _a978-81-954009-11 | ||
| 100 | _aBANAJI, NANDITA SHINKRE | ||
| 245 | _aLECTURES IN MICROBIOLOGY | ||
| 260 |
_aTELANGANA, INDIA _bUNIVERSITIES PRESS _c2021 |
||
| 300 | _aIX, 278P. | ||
| 500 | _aINCLUDES INDEX | ||
| 650 | _aMICROBIOLOGY | ||
| 942 |
_2lcc _cBK |
||
| 999 |
_c216463 _d216463 |
||